| 000 | 00850nam a22002537a 4500 | ||
|---|---|---|---|
| 005 | 20150328135117.0 | ||
| 008 | 141022t2014 enkad frb 001 0 eng d | ||
| 020 | _a9781292027838 | ||
| 040 | _aEG-ScBUE | ||
| 082 | 0 | 0 |
_222 _a610.73072 _bNIE |
| 100 | 1 |
_aNieswiadomy, Rose Marie. _932420 |
|
| 245 | 1 | 0 |
_aFoundation in nursing research / _cRose Marie Nieswiadomy. |
| 250 | _a6th ed., Pearson new international ed. | ||
| 260 |
_aHarlow : _bPearson Education Limited, _cc.2014. |
||
| 300 |
_all, 333 p. : _bcharts, tables ; _c28 cm. |
||
| 490 | 0 | _aAlways learning | |
| 500 | _aIncludes appendixes. | ||
| 500 | _aIndex : p. 331-333. | ||
| 504 | _aIncludes bibliographical reference. | ||
| 650 | 0 |
_aNursing _xResearch _xMethodology. _936305 |
|
| 653 |
_bNNUR _cOctober2014 _cMarch2015 |
||
| 655 |
_vreading book _934232 |
||
| 942 |
_2ddc _k610.73072 NIE |
||
| 999 |
_c18489 _d18461 |
||